Statistics for Types of Cereal

Click here to take the quiz!

General Stats

  • This quiz has been taken 52 times
  • The average score is 10 of 20

Answer Stats

HintAnswer% Correct
Most popular cereal in the USHoney-Nut Cheerios
79%
Contains yellow stars, green clovers, and rainbowsLucky Charms
79%
Follow your nose to this colorful cerealFroot Loops
72%
They're grrrrreat!Frosted Flakes
72%
It comes with two scoops of raisinsRaisin Bran
70%
Snap! Crackle! Pop!Rice Krispies
67%
People go cuckoo for theseCocoa Puffs
63%
Silly rabbit, these are for kidsTrix
63%
A lieutenant would salute this boxCap'n Crunch
56%
Cereal most often used in muddy buddies or party mixChex
56%
Advertized by a group of cannibalistic squaresCinnamon Toast Crunch
51%
Cereal whose mascots are the FlintstonesFruity Pebbles
47%
Before she was Caitlyn Jenner, he appeared on this cereal boxWheaties
44%
What Mikey likesLife
40%
Comes in rolled and steel-cut varietiesOatmeal
35%
Kids like it for what it's got, moms like it for what it's notKix
26%
Type of raw granola cereal invented in SwitzerlandMuesli
21%
Famously advertised by Euell GibbonsGrape Nuts
19%
Northerners might call it polentaGrits
14%
Originally called "Battle Creek Cereal" after the city where Post is headquarteredHoney Bunches of Oats
14%

Score Distribution

Percentile by Number Answered

Percent of People with Each Score

Your Score History

You have not taken this quiz